| 000 | 00644nam a2200217 u 4500 | ||
|---|---|---|---|
| 005 | 20240910063825.0 | ||
| 008 | 100622s2008 mx r 000 0 spa d | ||
| 020 | _a9789708102995 | ||
| 035 | _aUPN01000176779 | ||
| 049 | _aCG | ||
| 050 | 4 |
_aPN6071 H7.27 _bC8.46 |
|
| 245 | 0 | 0 |
_aCuentos únicos / _ced. Javier Marías ; tr. Alejandro García Reyes. |
| 260 |
_aMéxico : _bDebolsillo, _cc2008. |
||
| 300 | _a305 p. | ||
| 440 | 0 |
_aContemporánea ; _v606 |
|
| 440 | 0 |
_aBiblioteca ; _v13 |
|
| 650 | 4 |
_aCuentos de terror _92404 |
|
| 650 | 4 |
_aCUENTOS FANTASTICOS _97897 |
|
| 700 | 1 |
_aMarías Franco, Javier, _d1951- _eed. _929128 |
|
| 905 | _aLibro | ||
| 999 |
_c148882 _d148882 |
||